000 00459nam a22001457a 4500
008 160427b xxu||||| |||| 00| 0 eng d
050 _aCR6180.Z5 F
100 _aFForde, J.P.I
_924137
245 _aRhodesia
_borders, decorations and medals and their ribbons
_cJ.P.I Fforde and A.W. Rich
260 _aRhodesia
_bRhodesia Medal
_c1980
300 _a43p. ;
_c24cm.
650 _aZimbabwe
_xMedals
_924138
700 _aRich, A.W
_924233
942 _2lcc
_cMONOGRAPH
999 _c124720
_d124720